Vida familiar y cultura contemporánea /
El artículo analiza diferentes perspectivas conceptuales acerca de la constitucion de los arreglos familiares, entendidos como diversos y complejos arreglos económicos, sociales, culturales y afectivos. Define a la familia como parte de los procesos sociales más amplios e históricamente situados, di...
Salvato in:
| Autore principale: | |
|---|---|
| Altri autori: | |
| Natura: | testo |
| Pubblicazione: |
México D.F.:
Consejo Nacional de Cultura. Dirección General de Publicaciones. Dirección General de Culturas Populares
|
| Soggetti: | |
| Tags: |
Aggiungi Tag
Nessun Tag, puoi essere il primo ad aggiungerne!!
|
MARC
| LEADER | 00000 a a2200000 04500 | ||
|---|---|---|---|
| 001 | 21969 | ||
| 003 | |||
| 040 | |a CRAI/IIS |c CRAI/IIS | ||
| 090 | |a 146403 | ||
| 100 | |a Valenzuela Arce, José Manuel | ||
| 245 | |a Vida familiar y cultura contemporánea / |c José Manuel Valenzuela Arce | ||
| 260 | |a México D.F.: |b Consejo Nacional de Cultura. Dirección General de Publicaciones. Dirección General de Culturas Populares | ||
| 300 | |a 409 p. | ||
| 520 | |a El artículo analiza diferentes perspectivas conceptuales acerca de la constitucion de los arreglos familiares, entendidos como diversos y complejos arreglos económicos, sociales, culturales y afectivos. Define a la familia como parte de los procesos sociales más amplios e históricamente situados, discute las relaciones entre familia y sociedad y se presentan líneas de argumentación sobre la familia de algunos de los principales debates y enfoques teóricos de la segunda parte de ese siglo. Además, destaca la función sociocultural que tiene esa institución en la formación de poderes y de las fronteras de género, estableciendo una revisión general de algunos de los principales aportes de las perspectivas de género en la conformación de hombres y mujeres, enfatizando su estructuración en los espacios íntimos y familiares. /MSD | ||
| 650 | |a FAMILIA | ||
| 650 | |a MEDIO FAMILIAR | ||
| 650 | |a ROL DE LA MUJER | ||
| 650 | |a ROL MASCULINO | ||
| 650 | |a SOCIALIZACION | ||
| 650 | |a CAMBIO SOCIAL | ||
| 650 | |a CAMBIO CULTURAL | ||
| 700 | |a coord |a Salles, Vania |a coord | ||
| 999 | |c 4109 |d 4109 | ||
